| 000 | 00878cam a2200229 4500 | ||
|---|---|---|---|
| 008 | 000000n2001 000 0 eng u | ||
| 020 | _a0419257500 | ||
| 035 | _a(Sirsi) u112627 | ||
| 050 | _a658.404 | ||
| 100 | _aBrown, A. Stephen | ||
| 245 | _aCommunication in the design process. | ||
| 260 |
_aLondon _bSpon Press _c2001 |
||
| 300 | _aviii,164p. : ill. ; 24cm. | ||
| 350 | _a24.99 | ||
| 520 | _aExamines the gap that often exists between client expectation and realisation in building projects, concentrating on the the importance of communication between the employer and the consultant design team. The author's research shows extensive dissatisfaction in the areas of finance, timescale and function. | ||
| 650 | _aCLIENT RELATIONS | ||
| 650 | _aCLIENTS | ||
| 650 | _aARCHITECTS | ||
| 650 | _aCLIENT BRIEFING | ||
| 690 | _aBUILT ENVIRONMENT | ||
| 942 | _n0 | ||
| 999 |
_c101452 _d101452 |
||